| Поле | Инд. | ПП | Название | Значение |
|---|---|---|---|---|
| Тип записи | a | |||
| Библиографический уровень | b | |||
| 001 | Контрольный номер | UNIDUBNA6f3314a0e2974748bc6a271626dd9ea5 | ||
| 005 | Дата корректировки | 20230131105228.4 | ||
| 008 | Кодируемые данные | 20170331 | ||
| 040 | b | Код языка каталог. | rus | |
| e | Правила каталог. | PSBO | ||
| 041 | 0_ | a | Код языка текста | rus |
| 084 | a | Индекс другой классификации/Индекс ББК | 67.410.212.1 | |
| 100 | 1_ | a | Автор | Попова Е. И. |
| q | Полное имя | Попова Елена Ильинична | ||
| 245 | 10 | a | Заглавие | Проявление феномена коррекционализации по уголовным делам с перспективой рассмотрения судом в особом порядке |
| 520 | 0_ | a | Аннотация | Автор на основе анализа судебно-следственной практики обращает внимание на следующую закономерность. По уголовным делам, по которым следователь, дознаватель прогнозируют судебное разбирательство в особом порядке, зачастую имеет место коррекционализация, то есть намеренно неправильная уголовно-правовая квалификация действий обвиняемого в сторону их снижения. В статье подробно рассматриваются причины и последствия обозначенных действий. Обращается внимание и на отличное от коррекционализации явление — квалификацию содеянного подозреваемым/обвиняемым как менее тяжкого преступления, в связи с отсутствием прочной доказательственной базы, свидетельствующей о виновности в более тяжком, чем ему вменяется, преступлении |
| 650 | 14 | a | Основная рубрика | право |
| a | Основная рубрика | процессуальное право | ||
| a | Основная рубрика | судопроизводство | ||
| a | Основная рубрика | уголовное процессуальное право | ||
| 653 | 0_ | a | Ключевые слова | дознаватель |
| a | Ключевые слова | дознание | ||
| a | Ключевые слова | квалификация | ||
| a | Ключевые слова | особый порядок судебного разбирательства | ||
| a | Ключевые слова | следователи | ||
| a | Ключевые слова | сокращенная форма дознания | ||
| a | Ключевые слова | Уголовно-процессуальный кодекс РФ | ||
| a | Ключевые слова | уголовные дела | ||
| a | Ключевые слова | уголовный процесс | ||
| 773 | 08 | t | Заглавие источника | Российская юстиция |
| d | Дата издания источника | 2021 | ||
| g | Прочая информация | № 3. - С. 62 - 65 | ||
| w | Контрольный № источника | b885f12bde384f57bfa824b25e31dd75 | ||
| 901 | t | Тип документа | b |